000 01870nam0a2200349 4500
001 RU\NLR\bibl\1753893
005 20260405203044.0
021 _aRU
_b2011-14496
_91031
035 _a(NLR Aleph) 001744735
090 _a1481577
_c1481577
100 _a20110401d2010 |||y0rusy50 ca
101 0 _arus
_deng
102 _aRU
105 _aa |||||||||
200 1 _aАнализ потенциальных источников удовлетворения ближайших потребностей в тории с учетом различных возможных сценариев вовлечения тория в ЯЭ России
_fВ.М. Декусар, Б.Я. Зильберман, А.И. Николаев [и др.]
210 _aОбнинск
_cГНЦ РФ - Физико-энергетический институт
_d2010
215 _a35, [1] с.
_cил.
_d21
225 1 _aПрепринт
_fГос. корпорация по атом. энергии "Росатом", Гос. науч. центр Рос. Федерации - Физ.-энергет. ин-т им. А.И. Лейпунского
_vФЭИ-3186
300 _aРез. на англ. яз.
320 _aБиблиогр. в конце кн. (59 назв.)
606 1 _aЯдерные реакторы
_xТопливные циклы
_91977850
_3RU\NLR\auth\661193282
606 1 _aТорий как ядерное топливо
_92134060
_3RU\NLR\auth\661591309
686 _aЗ46-018
686 _aЗ46-035.2
701 1 _aДекусар
_bВ. М.
_4070
701 1 _aЗильберман
_bБ. Я.
_4070
701 1 _4070
_8rus
_7ca
_aНиколаев
_bА. И.
_cд-р техн. наук, химия
_gАнатолий Иванович
_3RU\NLR\auth\7790484
_973411
801 0 _aRU
_bNLR
_c20110401
_gRCR
801 1 _aRU
_bNLR
_c20110401
942 _cBOOK
980 _aNB